000 00934cam a2200313 a 4500
020 _a0072909994 (student ed.)
020 _a9780072909999 (student ed.)
020 _a0072346612 (CDROM)
020 _a9780072346619 (CDROM)
020 _a0072352361 (bk. bound with CDROM)
020 _a9780072352368 (bk. bound with CDROM)
020 _a0071179011
020 _a9780071179010
020 _a0077095650
020 _a9780077095659
020 _a0077098439
020 _a9780077098438
040 _cDLC
082 _a658 IRW 2000 A046 Or.
100 1 _aBrealey, Richard A.
245 1 0 _aPrinciples of corporate finance /
250 _a6th ed.
260 _aBoston :
_bIrwin/McGraw-Hill,
_cc2000.
300 _axxvi, 1093 p. :
_bill. (some col.) ;
_c26 cm.
490 1 _aThe Irwin/McGraw-Hill series in finance, insurance, and real estate
650 0 _aCorporations
700 1 _aMyers, Stewart C.
942 _cEK
999 _c13659
_d13659